000 01736nam a22002777a 4500
999 _c62127
_d62127
003 Ge_BSU
005 20240717160130.0
008 240717s2021 ge ||||| |||| 00| 0 geo d
020 _a9789941328466
041 _ageo
080 _a329.18(430)(084.12)+94(430)+929(430)(084.12)კ-41
100 _aკერიგანი, მაიკლ
_e ავტორი.
_922861
245 _aჰიტლერი : ადამიანი ურჩხულს მიღმა /
_cმაიკლ კერიგანი ; ინგლ. თარგმ. ლევან ინასარიძემ ; სარედ. ჯგუფი: ლადო იოსებაძე, სალომე საბანაძე, მარინე ინანიშვილი [და სხვა].
264 _aთბილისი :
_b პალიტრა L,
_c2021.
300 _a224 გვ. :
_bფოტ. ;
_c 25 სმ.
501 _aსაძიებელი: გვ. 219-224.
504 _aბიბლიოგრაფია: გვ. 219.
653 _aჰიტლერი, ადოლფ, 1889-1945 -- ფოტოალბომები.
653 _aფაშიზმი -- ფოტოალბომები.
653 _aგერმანიის ისტორია -- ფოტოალბომები
653 _aპოლიტიკური პარტიები და მოძრაობები
653 _aისტორია
700 _a ინასარიძე, ლევან
_eმთარგმნელი
_922862
700 _aიოსებაძე, ლადო
_eსარედაქციო ჯგუფი და სხვ
_917896
942 _2udc
_cBK